000 00547nam a2200181 i 4500
001 105448
003 ES-MaACL
005 20230906183905.0
007 t|
008 060713s1950 bo a |||| | spa d
080 _a299.8
100 1 _aDíez de Medina, Fernando.
_944710
245 1 0 _aNayjama /
_cpor Fernando Díez de Medina.
260 _aLa Paz :
_bGisbert & Cía.,
_c1950.
300 _a193 p. :
_bil. ;
_c22 cm.
650 1 4 _aIndios de América del Sur-
_xMitología.
_9159893
852 _aES-MaACL
_jAND-246
_z. - Biblioteca Juan Andrade
999 _c105448
_d105448